00510nam a2200193 a 4500001001300000003000900013005001700022008004100039020001000080082001700090100002400107245001900131260004300150300000900193500003500202505002800237650002700265700002400292nice12345678IN_TiNIC20260116011324.0050524s0000 boma grp 000 0 per  ac10000a297.297bHAD aHadi, Syed Mohammad aKashaful Astar aBombaybDar Matba Khilafat Waqiac0000 a232p aincludes index and biblioraphy2 afour parts in two vols. aIslam-Apologetic Works1 aHadi, Syed Mohammad